MARC

LEADER 00000nam0a2200000 4500
001 330323
005 20231102004241.0
035 |a (RuTPU)RU\TPU\book\356097 
035 |a RU\TPU\book\356096 
090 |a 330323 
100 |a 20170404d1934 k y0rusy50 ca 
101 0 |a rus  |a ger  |a eng 
102 |a RU 
105 |a a z 001zy 
200 1 |a Доклады Академии Наук СССР. Новая серия  |h Т. 1, № 4  |f Академия наук СССР (АН СССР) ; отв. ред. А. А. Борисяк 
210 |a Ленинград  |c Изд-во Академии наук СССР  |d 1934 
215 |a 161-224 с.  |c ил. 
320 |a Библиогр. в конце ст. 
606 1 |a Естествознание  |2 stltpush  |3 (RuTPU)RU\TPU\subj\68178  |9 83661 
610 1 |a интегральные уравнения 
610 1 |a электромагнитные волны 
610 1 |a волновые уравнения 
610 1 |a проблема Коши 
610 1 |a металлические ионы 
610 1 |a щелочно-галоидные кристаллы 
610 1 |a протоны 
610 1 |a нейтроны 
610 1 |a беременность 
610 1 |a периферийное зрение 
610 1 |a пиридин 
610 1 |a библиотека М. А. Усова 
675 |a 50  |v 4 
702 1 |a Борисяк  |b А. А.  |c российский геолог  |c палеонтолог  |c академик АН СССР  |f 1872-1944  |g Алексей Алексеевич  |2 stltpush  |3 (RuTPU)RU\TPU\pers\13840  |4 340  |9 4352 
712 0 2 |a Академия наук СССР (АН СССР)  |c (Ленинград/Москва)  |c (1925-1991)  |2 stltpush  |3 (RuTPU)RU\TPU\col\722 
801 1 |a RU  |b 63413507  |c 20170404 
801 2 |a RU  |b 63413507  |c 20170420  |g RCR 
942 |c BK